000 01112nam0a22002651 4500
001 rc\4833999
005 20260406200357.0
021 _aRU
_b[64-54120]
035 _a(NLR Aleph) 008890223
090 _a8637755
_c8637755
100 _a20130426d1964 |||y0rusy50 ca
101 0 _arus
102 _aRU
105 _aa z |||||
200 1 _aТепло души - детям
_e[О зав. Алексеевским дет. комбинатом В.М. Петровской]
_fЦелиногр. обл. ин-т усовершенствования учителей. Пед. о-во
210 _aЦелиноград
_cБ. и.
_d1964
215 _a21 с.
_cил.
_d19
606 _aДетские сады
_xМетодика работы
_2psbo
702 1 _aПетровская
_bВ.М.
_gВалентина Михайловна
_4570
712 0 2 _aЦелиноградский областной институт усовершенствования учителей
_3RU\NLR\AUTH\889959868
_9415972
801 0 _aRU
_bNLR
_gpsbo
801 1 _aRU
_bELAR
_2rusmarc
852 _aNLR
_j64-4/11792
942 _cBOOK
980 _aNB